Statistics for Best SNES video games with hints

Click here to take the quiz!

General Stats

  • This quiz has been taken 127 times
  • The average score is 23 of 50

Answer Stats

HintAnswer% Correct
The original Kart racerSuper Mario Kart
91%
Jungle HijinxDonkey Kong country
87%
Link's third adventureThe legend of Zelda: A Link to the past
87%
Mario is very annoying in this gameSuper Mario world 2: Yoshi's island
86%
Barrel RollStar fox
84%
Scorpion and Sub zeroMortal Kombat II
81%
Known as Mother in japanEarthbound
79%
Guile's theme is a classicSuper Street Fighter II
76%
Mario game made by SquareSuper Mario RPG: Legend of the seven stars
74%
RPG with Time TravelChrono Trigger
72%
Exploring the depths of NorfairSuper Metroid
71%
You paint....Mario Paint
66%
Mike Tyson ain't hereSuper Punch Out
66%
High Speed RacingF-Zero
65%
You're a worm.... With a gun.Earthworm Jim
63%
You are the mayor of a citySimcity
63%
Terra has a tragic pastFinal fantasy VI
59%
First game with YoshiSuper Mario World
59%
Simon Belmont is at it againSuper Castlevania IV
58%
Based on classic Disney movieAladdin
55%
One of the classic First person Shooter's.DOOM
54%
Heating up! HE'S ON FIRE!!NBA Jam
53%
Knows as the second in the westFinal Fantasy IV
52%
Spark Mandrill and Storm EagleMega Man X
50%
Stupid name, Amazing game...... With ZombiesZombies ate my neighbors
50%
A lot of Pirate reptilesDonkey Kong Country 2
47%
There's a huge treeSecret of mana
46%
There's an alien war now?Contra III: The Alien Wars
44%
Farming simulator 1997Harvest Moon
42%
Rareware Fighting gameKiller Instinct
42%
Gourmet RaceKirby Super Star
42%
You fly...... That's itPilotWings
42%
A dragon has a certain breath, a _____Breath of Fire
38%
Big Apple, 3 AMTeenage Mutant Ninja Turles: Turtles in Time
38%
The Black Sheep of the trilogyDonkey Kong Country 3
35%
Racing game based on a music genreRock n' roll racing
24%
A pink star now has animal friendsKirby's Dreamland 3
21%
Racing game that uses the Super Fx chipStunt race FX
21%
Amazing RPG that never released in AmericaTerranigma
19%
This boy can move objects with his mind!Illusion of Gaia
16%
Amazing Beat em' up with a classic super heroBatman Returns
15%
A game about Unicycles made by... ROCKSTAR???Uniracers
15%
Why would you ever make a game about an enemy?Demon's Crest
14%
It's in the Goemon seiresLegend of the Mystical Ninja
14%
Hard-as-nails Side scroll shoot em' upU.N Squadron
12%
____ BattleOgre Battle: The March of the Black Queen
11%
There's a demon named TanzraActRaiser
10%
For some reason it has Yoshi in itTetris Attack
7%
It is the year 2102, and earth is under attack by the Dark AxisMetal Warriors
2%
Flagship of the United Freedom ForcesSuper Turrican 2
1%

Score Distribution

Percentile by Number Answered

Percent of People with Each Score

Your Score History

You have not taken this quiz